000 00549nam a2200181 i 4500
001 142740
003 ES-MaACL
005 20230906200618.0
007 t|
008 071009s1968 sp ||||1| spa d
110 2 _aEspaña.
_tLeyes, etc.
_9184149
245 1 0 _aLegislación sanitaria de farmacia
_b: apéndice 1965, 1966 y 1967 /
_cEduardo Vicario Peraita.
260 _aBurgos :
_b[s.n.],
_c1968.
300 _a173 p. ;
_c18 cm.
700 1 _aVicario Peraita, Eduardo.
_9114310
852 _aES-MaACL
_jC-46590
_bR.67321
999 _c142740
_d142740